Groupes de musique ayant des noms de couleurs dans leur nom - Click - Statistiques

Statistiques générales
  • Ce quiz a été pris 50 fois
  • Le résultat moyen est 7 sur 16
Statistiques - réponses
Hint Réponse % Correct
Black Eyed Peas
89%
Green Day
83%
Blackpink
77%
Red Hot Chili Peppers
77%
Noir Désir
69%
The White Stripes
54%
Pink Floyd
43%
Black Sabbath
43%
Whitesnake
29%
Red Velvet
29%
The Black Keys
26%
Deep Purple
26%
Indigo Girls
20%
Agent Orange
20%
Blue Oyster Cult
17%
Orange Goblin
11%
Aucun quiz correspondant
Distribution des résultats
% des personnes avec chaque résultat
Percentile par nombre de réponses
Votre historique - résultats
Vous n’avez pas pris ce quiz